[Event "SRB-chT 2nd League"]
[Site "Novi Sad"]
[Date "2023.11.07"]
[Round "8.4"]
[White "Milanovic, Marko"]
[Black "Telecki, Ivan"]
[Result "1-0"]
[WhiteElo "2251"]
[BlackElo "2260"]
[PlyCount "53"]
[EventDate "2023.11.02"]
[EventType "team-tourn"]
[EventRounds "11"]
[EventCountry "SRB"]
[SourceTitle "CB46_2023"]
[SourceDate "2023.11.15"]
[SourceVersion "1"]
[SourceVersionDate "2023.11.15"]
[SourceQuality "1"]
[WhiteTeam "Krajisnik Krajina"]
[BlackTeam "Zlatica"]
[WhiteTeamCountry "SRB"]
[BlackTeamCountry "SRB"]

1. e4 g6 2. d4 d6 3. Nc3 Bg7 4. Nf3 Nd7 5. Bc4 e6 6. 0-0 Ne7 7. Be3 Nb6 8. Bd3 d5 9. e5 Bd7 10. Qc1 h6 11. b3 Bc6 12. Ne2 Nf5 13. Bxf5 gxf5 14. Ng3 Qe7 15. Nh5 f6 16. Bf4 Nd7 17. Re1 0-0-0 18. Nxg7 Qxg7 19. exf6 Nxf6 20. Rxe6 Rdg8 21. g3 Qg4 22. Ne5 Qg7 23. Nxc6 bxc6 24. Rxc6 Ne8 25. Be5 Qd7 26. Ra6 Kb7 27. Qa3 1-0

[Event "SRB-chT 2nd League"]
[Site "Novi Sad"]
[Date "2023.11.06"]
[Round "7.4"]
[White "Juhasz, Bencze"]
[Black "Milanovic, Marko"]
[Result "0-1"]
[WhiteElo "2210"]
[BlackElo "2251"]
[PlyCount "46"]
[EventDate "2023.11.02"]
[EventType "team-tourn"]
[EventRounds "11"]
[EventCountry "SRB"]
[SourceTitle "CB46_2023"]
[SourceDate "2023.11.15"]
[SourceVersion "1"]
[SourceVersionDate "2023.11.15"]
[SourceQuality "1"]
[WhiteTeam "Lajos Segi Bajsa"]
[BlackTeam "Krajisnik Krajina"]
[WhiteTeamCountry "SRB"]
[BlackTeamCountry "SRB"]

1. e4 e5 2. Nf3 Nc6 3. d4 exd4 4. Nxd4 Nf6 5. Nxc6 bxc6 6. e5 Qe7 7. Qe2 Nd5 8. h4 Qe6 9. Nd2 g6 10. c4 Nb6 11. b3 Bg7 12. Bb2 0-0 13. Nf3 Re8 14. h5 d5 15. hxg6 hxg6 16. cxd5 cxd5 17. g3 Qf5 18. Rh4 g5 19. Rh5 f6 20. Qe3 Qc2 21. Bc3 Bg4 22. Nd4 Qg6 23. Rh1 Rxe5 0-1

[Event "SRB-chT 2nd League"]
[Site "Novi Sad"]
[Date "2023.11.02"]
[Round "1.4"]
[White "Milanovic, Marko"]
[Black "Mijatovic, Dusan"]
[Result "1-0"]
[WhiteElo "2251"]
[BlackElo "2141"]
[PlyCount "101"]
[EventDate "2023.11.02"]
[EventType "team-tourn"]
[EventRounds "11"]
[EventCountry "SRB"]
[SourceTitle "CB46_2023"]
[SourceDate "2023.11.15"]
[SourceVersion "1"]
[SourceVersionDate "2023.11.15"]
[SourceQuality "1"]
[WhiteTeam "Krajisnik Krajina"]
[BlackTeam "Stara Pazova"]
[WhiteTeamCountry "SRB"]
[BlackTeamCountry "SRB"]

1. e4 c5 2. Nf3 d6 3. Bb5+ Bd7 4. Bxd7+ Qxd7 5. c4 e5 6. Nc3 g6 7. d3 Bg7 8. 0-0 Ne7 9. Rb1 Nbc6 10. a3 0-0 11. b4 h6 12. Nd5 b6 13. Bxh6 Nxd5 14. Bxg7 Nc3 15. Qd2 Nxb1 16. Qh6 f6 17. Qh8+ Kf7 18. Bxf8 Rxf8 19. Qh7+ Ke6 20. Qxd7+ Kxd7 21. Rxb1 cxb4 22. axb4 a5 23. b5 Nb4 24. Ne1 d5 25. exd5 Kd6 26. Kf1 Kc5 27. Ke2 e4 28. Kd2 Kd4 29. dxe4 Kxc4 30. Nc2 Nxc2 31. Kxc2 f5 32. e5 Kxd5 33. f4 Rc8+ 34. Kd3 Rc4 35. g3 Rd4+ 36. Kc3 Kc5 37. Re1 Re4 38. Rb1 Re3+ 39. Kd2 Re4 40. Kd3 a4 41. Kc3 Rc4+ 42. Kd3 a3 43. Ra1 Ra4 44. Kc3 Kxb5 45. Kb3 Re4 46. Rxa3 Re3+ 47. Kb2 Re2+ 48. Kc3 Rxh2 49. Kd4 Kc6 50. Rc3+ Kd7 51. Rd3 1-0

[Event "Titled Tuesday intern op 05th Jul Late"]
[Site "Chess.com INT"]
[Date "2022.07.05"]
[Round "2"]
[White "Milanovic, Marko"]
[Black "Mazibuko, Khanya"]
[Result "0-1"]
[WhiteElo "2249"]
[BlackElo "1930"]
[PlyCount "84"]
[EventDate "2022.07.05"]
[EventType "swiss (blitz)"]
[EventRounds "11"]
[EventCountry "USA"]
[SourceTitle "CBM 209 Extra"]
[Source "ChessBase"]
[SourceDate "2022.09.30"]
[SourceVersion "1"]
[SourceVersionDate "2022.09.30"]
[SourceQuality "1"]

1. d4 Nf6 2. c4 e6 3. g3 d5 4. Bg2 Be7 5. Nf3 0-0 6. Qc2 c5 7. dxc5 Bxc5 8. cxd5 Qxd5 9. Nc3 Qh5 10. 0-0 Nc6 11. Bg5 Be7 12. Rfd1 h6 13. Bf4 e5 14. Nxe5 Nxe5 15. Nd5 Nc6 16. e4 Bg4 17. Re1 Rac8 18. Qd3 Rfd8 19. Rac1 Bf8 20. a3 Kh8 21. b4 Bh3 22. Bh1 Be6 23. Red1 Rd7 24. b5 Ne7 25. Nxf6 Rxc1 26. Rxc1 gxf6 27. Qe3 Qxb5 28. Bf3 Nc6 29. Bxh6 Bg7 30. Kg2 Qd3 31. Qf4 Nd4 32. Rc8+ Kh7 33. Bxg7 Qxf3+ 34. Qxf3 Nxf3 35. Kxf3 Kxg7 36. Kf4 Rd3 37. f3 Rxa3 38. h4 b5 39. g4 Bc4 40. Rb8 Be2 41. g5 Rxf3+ 42. Kg4 fxg5 0-1

[Event "Titled Tuesday intern op 31st May Early"]
[Site "Chess.com INT"]
[Date "2022.05.31"]
[Round "4"]
[White "Kvaloy, Aksel Bu"]
[Black "Milanovic, Marko"]
[Result "0-1"]
[WhiteElo "2296"]
[BlackElo "2294"]
[PlyCount "156"]
[EventDate "2022.05.31"]
[EventType "swiss (blitz)"]
[EventRounds "11"]
[EventCountry "USA"]
[SourceTitle "CBM 208 Extra"]
[Source "ChessBase"]
[SourceDate "2022.07.31"]
[SourceVersion "1"]
[SourceVersionDate "2022.07.31"]
[SourceQuality "1"]

1. e4 e5 2. Nf3 Nc6 3. Bb5 a6 4. Ba4 Nf6 5. 0-0 Be7 6. Re1 b5 7. Bb3 d6 8. c3 0-0 9. h3 Na5 10. Bc2 c5 11. d4 Qc7 12. d5 c4 13. Nbd2 Nb7 14. Nf1 Nc5 15. Ng3 g6 16. b4 cxb3 17. axb3 Bd7 18. b4 Na4 19. Bxa4 bxa4 20. Bb2 Rfc8 21. Nd2 Qb6 22. Ngf1 a5 23. Ba3 axb4 24. Bxb4 Qb5 25. Qc1 Qd3 26. Qa3 Ra6 27. Re3 Qb5 28. c4 Qb7 29. Rc1 Rb6 30. Ba5 Ra6 31. Bb4 Rb8 32. Bc3 Bd8 33. Ree1 Bb6 34. Rb1 Qc7 35. Bb4 Bd4 36. Nf3 Bb6 37. Bxd6 Bxf2+ 38. Kxf2 Rxd6 39. c5 Rxb1 40. Rxb1 Nxe4+ 41. Ke3 Qxc5+ 42. Qxc5 Nxc5 43. Nxe5 Rxd5 44. Nxd7 Rxd7 45. Rb5 Rd3+ 46. Ke2 Rc3 47. Nd2 a3 48. Ra5 Nb3 49. Nb1 Rc2+ 50. Kd3 Nxa5 51. Kxc2 a2 52. Kb2 axb1Q+ 53. Kxb1 Kg7 54. Kc1 Kf6 55. Kd1 Ke5 56. Ke1 Kf4 57. Kf2 Nc4 58. Kg1 Kg3 59. Kh1 Ne3 60. Kg1 Nxg2 61. Kh1 Kxh3 62. Kg1 Kg3 63. Kh1 h5 64. Kg1 h4 65. Kh1 h3 66. Kg1 f5 67. Kh1 f4 68. Kg1 f3 69. Kh1 Nf4 70. Kg1 g5 71. Kh1 g4 72. Kg1 Kh4 73. Kh1 g3 74. Kg1 g2 75. Kh2 Kg5 76. Kg1 Ne2+ 77. Kh2 g1Q+ 78. Kxh3 Qg3# 0-1

[Event "Titled Tuesday intern op 31st May Early"]
[Site "Chess.com INT"]
[Date "2022.05.31"]
[Round "5"]
[White "Milanovic, Marko"]
[Black "Csonka, Balazs"]
[Result "1-0"]
[WhiteElo "2294"]
[BlackElo "2498"]
[PlyCount "109"]
[EventDate "2022.05.31"]
[EventType "swiss (blitz)"]
[EventRounds "11"]
[EventCountry "USA"]
[SourceTitle "CBM 208 Extra"]
[Source "ChessBase"]
[SourceDate "2022.07.31"]
[SourceVersion "1"]
[SourceVersionDate "2022.07.31"]
[SourceQuality "1"]

1. e4 e5 2. Nf3 Nc6 3. d4 exd4 4. Nxd4 Nf6 5. Nc3 Nxe4 6. Nxe4 Qe7 7. Qd3 d5 8. Nxc6 bxc6 9. Be2 Qxe4 10. Qxe4+ dxe4 11. 0-0 Bd6 12. Be3 0-0 13. Rfe1 a5 14. a4 Be6 15. b3 Bb4 16. Red1 Rfd8 17. Rxd8+ Rxd8 18. Rd1 Rxd1+ 19. Bxd1 c5 20. Be2 Kf8 21. Bf4 c6 22. Kf1 Ke7 23. Be5 f6 24. Bb2 c4 25. Bxc4 Bxc4+ 26. bxc4 Ke6 27. Ke2 h5 28. f3 exf3+ 29. Kxf3 g5 30. h3 f5 31. Bd4 g4+ 32. hxg4 hxg4+ 33. Ke3 Be1 34. c3 Kd6 35. Ke2 Bh4 36. Bb6 Bf6 37. Bxa5 Kc5 38. Kd3 f4 39. Bb4+ Kb6 40. Ke4 c5 41. Ba3 f3 42. gxf3 gxf3 43. Kxf3 Bxc3 44. Ke4 Ka5 45. Bxc5 Kxa4 46. Kd5 Ka5 47. Bd6 Ka6 48. Kc6 Bd4 49. Bc5 Be5 50. Kd7 Bf4 51. Bd4 Bb8 52. c5 Ba7 53. c6 Bb8 54. Bc5 Kb5 55. Bd6 1-0

[Event "Titled Tuesday intern op 31st May Early"]
[Site "Chess.com INT"]
[Date "2022.05.31"]
[Round "6"]
[White "Vasquez Schroder, Rodrigo Rafael"]
[Black "Milanovic, Marko"]
[Result "1-0"]
[WhiteElo "2506"]
[BlackElo "2294"]
[PlyCount "93"]
[EventDate "2022.05.31"]
[EventType "swiss (blitz)"]
[EventRounds "11"]
[EventCountry "USA"]
[SourceTitle "CBM 208 Extra"]
[Source "ChessBase"]
[SourceDate "2022.07.31"]
[SourceVersion "1"]
[SourceVersionDate "2022.07.31"]
[SourceQuality "1"]

1. e4 b6 2. d4 Bb7 3. Bd3 d6 4. Nf3 Nd7 5. 0-0 e5 6. Re1 Be7 7. c3 Ngf6 8. Nbd2 0-0 9. Nf1 Re8 10. Ng3 Bf8 11. h3 g6 12. Bg5 h6 13. Bd2 Bg7 14. Qc2 Qe7 15. Rad1 a5 16. a4 Rad8 17. Bb5 h5 18. d5 Nh7 19. b4 Ra8 20. Nf1 Bf6 21. Ne3 Ba6 22. Bc6 Ra7 23. Qb3 Bb7 24. Nc4 Bxc6 25. dxc6 Ndf8 26. Ne3 g5 27. Nd5 Qe6 28. Nh2 Ng6 29. Nf1 g4 30. hxg4 Qxg4 31. Bc1 Kh8 32. Rd3 Rg8 33. Rg3 Qe6 34. Qd1 h4 35. Rf3 Bd8 36. Rf5 h3 37. g3 Nh4 38. Rh5 Qg6 39. Nh2 Ng2 40. Rh6 Qg7 41. Rf1 Bg5 42. Bxg5 Qxg5 43. Rh5 Qg6 44. Qf3 axb4 45. cxb4 Kg7 46. Ne7 Qf6 47. Rxh7+ 1-0

[Event "Titled Tuesday intern op 17th May Late"]
[Site "Chess.com INT"]
[Date "2022.05.17"]
[Round "3"]
[White "Itkis, Boris"]
[Black "Milanovic, Marko"]
[Result "1-0"]
[WhiteElo "2345"]
[BlackElo "2294"]
[PlyCount "45"]
[EventDate "2022.05.17"]
[EventType "swiss (blitz)"]
[EventRounds "11"]
[EventCountry "USA"]
[SourceTitle "CBM 208 Extra"]
[Source "ChessBase"]
[SourceDate "2022.07.31"]
[SourceVersion "1"]
[SourceVersionDate "2022.07.31"]
[SourceQuality "1"]

1. c4 b6 2. d4 Bb7 3. d5 d6 4. Nc3 Nd7 5. g3 e5 6. Bg2 Ngf6 7. e4 Be7 8. Nge2 0-0 9. 0-0 a5 10. h3 Nc5 11. Be3 Nfd7 12. f4 a4 13. Nc1 exf4 14. gxf4 f5 15. Bxc5 Nxc5 16. e5 dxe5 17. fxe5 Bg5 18. Nd3 Qe7 19. Re1 Ba6 20. d6 cxd6 21. Bxa8 Rxa8 22. Nxc5 dxc5 23. Qd5+ 1-0

[Event "Titled Tuesday intern op 29th Mar Late"]
[Site "Chess.com INT"]
[Date "2022.03.29"]
[Round "9"]
[White "Barria Zuniga, Daniel"]
[Black "Milanovic, Marko"]
[Result "1-0"]
[WhiteElo "2341"]
[BlackElo "2309"]
[PlyCount "48"]
[EventDate "2022.03.29"]
[EventType "swiss (blitz)"]
[EventRounds "11"]
[EventCountry "USA"]
[SourceTitle "CBM 207 Extra"]
[Source "ChessBase"]
[SourceDate "2022.05.31"]
[SourceVersion "1"]
[SourceVersionDate "2022.05.31"]
[SourceQuality "1"]

1. d4 d5 2. c4 c6 3. Nf3 Nf6 4. Nc3 e6 5. Bg5 dxc4 6. e4 b5 7. a4 Bb4 8. e5 h6 9. exf6 hxg5 10. fxg7 Rg8 11. g3 Bb7 12. Bg2 Nd7 13. 0-0 Bxc3 14. bxc3 Rxg7 15. Ne5 Nxe5 16. dxe5 Qxd1 17. Rfxd1 a6 18. axb5 axb5 19. Rxa8+ Bxa8 20. Ra1 Bb7 21. Ra7 Bc8 22. Bxc6+ Kd8 23. f3 g4 24. f4 Rg8 1-0

[Event "Titled Tuesday intern op 29th Mar Late"]
[Site "Chess.com INT"]
[Date "2022.03.29"]
[Round "4"]
[White "Lin, Dachey"]
[Black "Milanovic, Marko"]
[Result "1-0"]
[WhiteElo "2299"]
[BlackElo "2309"]
[PlyCount "63"]
[EventDate "2022.03.29"]
[EventType "swiss (blitz)"]
[EventRounds "11"]
[EventCountry "USA"]
[SourceTitle "CBM 207 Extra"]
[Source "ChessBase"]
[SourceDate "2022.05.31"]
[SourceVersion "1"]
[SourceVersionDate "2022.05.31"]
[SourceQuality "1"]

1. g4 d5 2. Bg2 Bxg4 3. c4 c6 4. Qb3 e6 5. cxd5 cxd5 6. Qa4+ Nd7 7. Qxg4 Rc8 8. Nc3 Ngf6 9. Qa4 a6 10. Nf3 Bc5 11. d4 Bd6 12. Bg5 h6 13. Bh4 0-0 14. 0-0 Nb6 15. Qb3 Nc4 16. Bg3 Ne4 17. Rad1 Bxg3 18. hxg3 Ned6 19. Ne5 Na5 20. Qb4 f6 21. Nd3 Ndc4 22. Nc5 Qe7 23. b3 Nc6 24. Qxb7 Rc7 25. Qxa6 Nb4 26. Qb5 Nb2 27. Qxb4 Nxd1 28. Rxd1 Rfc8 29. a4 Qd6 30. Nb5 Qb6 31. a5 Qb8 32. Na6 1-0

[Event "Titled Tuesday intern op 08th Mar Late"]
[Site "Chess.com INT"]
[Date "2022.03.08"]
[Round "10"]
[White "Milanovic, Marko"]
[Black "Chiu, Isaac"]
[Result "1-0"]
[WhiteElo "2309"]
[BlackElo "2245"]
[PlyCount "93"]
[EventDate "2022.03.08"]
[EventType "swiss (blitz)"]
[EventRounds "11"]
[EventCountry "USA"]
[SourceTitle "CBM 207 Extra"]
[Source "ChessBase"]
[SourceDate "2022.05.31"]
[SourceVersion "1"]
[SourceVersionDate "2022.05.31"]
[SourceQuality "1"]

1. e4 e5 2. Nf3 Qe7 3. Bc4 d6 4. 0-0 Nf6 5. Re1 c6 6. d4 h6 7. a4 a5 8. Nc3 Nbd7 9. h3 g6 10. Be3 Bg7 11. Qd2 g5 12. Rad1 0-0 13. h4 g4 14. Nh2 Kh7 15. dxe5 dxe5 16. g3 Nc5 17. Bxc5 Qxc5 18. Bb3 h5 19. Nf1 Bh6 20. Qe2 Be6 21. Bxe6 fxe6 22. Ne3 Rf7 23. Rf1 Raf8 24. Nc4 Ng8 25. Kg2 Ne7 26. Nd6 Rf3 27. Nxb7 Qb4 28. Rd7 R8f7 29. Nd6 Rg7 30. Nc4 Ng6 31. Rxg7+ Bxg7 32. Rd1 Bf6 33. Rd7+ Kg8 34. Nd2 Qxb2 35. Nxf3 Qxc3 36. Ne1 Bxh4 37. Qd2 Qxd2 38. Rxd2 Be7 39. Rd7 Kf8 40. Ra7 h4 41. Rxa5 h3+ 42. Kh2 Bb4 43. Ra8+ Kf7 44. Nd3 Bd6 45. a5 Nf8 46. a6 Nh7 47. Ra7+ 1-0

[Event "Titled Tuesday intern op 15th Feb Early"]
[Site "Chess.com INT"]
[Date "2022.02.15"]
[Round "1"]
[White "Milanovic, Marko"]
[Black "Bongo Akanga Ndjila, Barthelemy"]
[Result "1-0"]
[WhiteElo "2309"]
[BlackElo "1803"]
[PlyCount "91"]
[EventDate "2022.02.15"]
[EventType "swiss (blitz)"]
[EventRounds "11"]
[EventCountry "USA"]
[SourceTitle "CBM 206 Extra"]
[Source "ChessBase"]
[SourceDate "2022.03.31"]
[SourceVersion "1"]
[SourceVersionDate "2022.03.31"]
[SourceQuality "1"]

1. e4 g6 2. d4 d6 3. Nf3 Bg7 4. Bc4 Nf6 5. Qe2 0-0 6. e5 Ne8 7. 0-0 d5 8. Bd3 Bg4 9. h3 Bxf3 10. Qxf3 e6 11. Be3 f6 12. exf6 Nxf6 13. Nd2 Ne4 14. Qg4 Nxd2 15. Qxe6+ Kh8 16. Bxd2 Bxd4 17. Rad1 c6 18. c3 Bg7 19. Rfe1 Nd7 20. Bc2 Nc5 21. Qg4 Qf6 22. Be3 Qd6 23. Qb4 b6 24. a4 Rab8 25. a5 Nb7 26. Qxd6 Nxd6 27. axb6 axb6 28. Ra1 Nc4 29. Bc1 Rf7 30. Bd3 Ne5 31. Be2 Rbf8 32. Be3 c5 33. Ra6 Rf6 34. Rea1 Rd6 35. Bxc5 bxc5 36. Rxd6 d4 37. Rd5 dxc3 38. bxc3 c4 39. f4 Nc6 40. Bxc4 Bxc3 41. Rf1 Nb4 42. Rd7 Nc2 43. Rc1 Rxf4 44. Bd3 Bd4+ 45. Kh2 Ne3 46. Rc8+ 1-0

[Event "Titled Tuesday intern op 15th Feb Early"]
[Site "Chess.com INT"]
[Date "2022.02.15"]
[Round "4"]
[White "Milanovic, Marko"]
[Black "Todorovic, Bojan"]
[Result "1-0"]
[WhiteElo "2309"]
[BlackElo "2222"]
[PlyCount "63"]
[EventDate "2022.02.15"]
[EventType "swiss (blitz)"]
[EventRounds "11"]
[EventCountry "USA"]
[SourceTitle "CBM 206 Extra"]
[Source "ChessBase"]
[SourceDate "2022.03.31"]
[SourceVersion "1"]
[SourceVersionDate "2022.03.31"]
[SourceQuality "1"]

1. e4 c5 2. Nf3 e6 3. g3 a6 4. Bg2 b5 5. 0-0 Bb7 6. Re1 d6 7. c3 Nf6 8. d3 Be7 9. Nbd2 0-0 10. d4 cxd4 11. cxd4 Nbd7 12. b3 Rc8 13. Bb2 d5 14. e5 Ne4 15. Rc1 Rxc1 16. Qxc1 Qa5 17. Nxe4 dxe4 18. Nd2 Bg5 19. Re2 Rc8 20. Qd1 Qxa2 21. Nxe4 Bxe4 22. Bxe4 Nb6 23. Bb1 Qa5 24. Qd3 g6 25. Rc2 Qe1+ 26. Kg2 Rxc2 27. Qxc2 Nd5 28. Ba3 Be7 29. Bc1 Kg7 30. Bd2 Nb4 31. Bxe1 Nxc2 32. Bxc2 1-0

[Event "Titled Tuesday intern op 28th Dec"]
[Site "Chess.com INT"]
[Date "2021.12.28"]
[Round "2"]
[White "Milanovic, Marko"]
[Black "Mestnikov, Aisen"]
[Result "0-1"]
[WhiteElo "2309"]
[BlackElo "2096"]
[PlyCount "150"]
[EventDate "2021.12.28"]
[EventType "swiss (blitz)"]
[EventRounds "11"]
[EventCountry "USA"]
[SourceTitle "CBM 206 Extra"]
[Source "ChessBase"]
[SourceDate "2022.03.31"]
[SourceVersion "1"]
[SourceVersionDate "2022.03.31"]
[SourceQuality "1"]

1. e4 e5 2. Nf3 Nc6 3. Bc4 Nf6 4. d3 Bc5 5. c3 d6 6. 0-0 a6 7. Bb3 Ba7 8. Nbd2 Be6 9. Bc2 0-0 10. h3 h6 11. Re1 d5 12. Qe2 d4 13. Nf1 b5 14. Ng3 Qd7 15. Nh4 Ne7 16. Qf3 c5 17. Bxh6 Ng4 18. Bxg7 Kxg7 19. Nh5+ Kh8 20. hxg4 Ng8 21. Nf6 Nxf6 22. Qxf6+ Kh7 23. g5 Rh8 24. Nf5 Bxf5 25. exf5 Bb8 26. g6+ Kg8 27. Qg5 fxg6 28. Qxg6+ Qg7 29. Qe8+ Qf8 30. Qc6 Ra7 31. Qd5+ Qf7 32. Qd8+ Kg7 33. Qg5+ Kf8 34. Bd1 Re7 35. f6 Re6 36. Bg4 Qxf6 37. Qxf6+ Rxf6 38. Bf3 Rfh6 39. Kf1 Rh1+ 40. Ke2 Rxe1+ 41. Rxe1 Ke7 42. Kd2 Kd6 43. Kc2 Bc7 44. g3 Rh2 45. Re2 Bb6 46. Be4 c4 47. Bf5 dxc3 48. bxc3 Rxf2 49. Rxf2 Bxf2 50. g4 Be3 51. dxc4 bxc4 52. Bh7 Kc5 53. Be4 a5 54. a4 Bg5 55. Kd1 Kd6 56. Ke2 Kc5 57. Bf3 Kd6 58. Be4 Kc5 59. Kd1 Kd6 60. Kc2 Kc5 61. Bg6 Kd5 62. Bf7+ Kc5 63. Kd1 e4 64. Bg6 Bf6 65. Kc2 e3 66. Be4 e2 67. Kd2 Bxc3+ 68. Kxe2 Kd4 69. Kf3 Bd2 70. g5 Bxg5 71. Bc2 Kc3 72. Bd1 Kd2 73. Be2 c3 74. Bf1 c2 75. Bd3 c1Q 0-1

[Event "Titled Tuesday intern op 28th Dec"]
[Site "Chess.com INT"]
[Date "2021.12.28"]
[Round "8"]
[White "Milanovic, Marko"]
[Black "Popadic, Dragan"]
[Result "0-1"]
[WhiteElo "2309"]
[BlackElo "2143"]
[PlyCount "96"]
[EventDate "2021.12.28"]
[EventType "swiss (blitz)"]
[EventRounds "11"]
[EventCountry "USA"]
[SourceTitle "CBM 206 Extra"]
[Source "ChessBase"]
[SourceDate "2022.03.31"]
[SourceVersion "1"]
[SourceVersionDate "2022.03.31"]
[SourceQuality "1"]

1. e4 c5 2. Nf3 Nc6 3. Bb5 e5 4. Bxc6 dxc6 5. d3 Bd6 6. Nc3 f6 7. Be3 Ne7 8. Nd2 Be6 9. a4 g5 10. Nc4 Ng6 11. Nxd6+ Qxd6 12. g3 h5 13. Qd2 0-0-0 14. 0-0-0 Kb8 15. a5 c4 16. d4 exd4 17. Bxd4 Bg4 18. Bxa7+ Kxa7 19. Qxd6 Rxd6 20. Rxd6 Rf8 21. Rd4 Ne5 22. h3 Bf3 23. Rg1 Ka6 24. Nd1 Kxa5 25. Ne3 Kb5 26. Kb1 Be2 27. Rd6 Kc5 28. Nf5 b5 29. f4 gxf4 30. gxf4 Nf3 31. Rg6 Bf1 32. Rgxf6 Rxf6 33. Rxf6 Nd2+ 34. Kc1 Nxe4 35. h4 Nxf6 36. Kd2 Bh3 37. Ng3 Bg4 38. Ke3 Nd5+ 39. Ke4 Nb4 40. c3 Nd3 41. f5 Nxb2 42. f6 Be6 43. Ke5 Bf7 44. Nf5 Na4 45. Nh6 Bg6 46. Kf4 Nxc3 47. Kg5 Be8 48. Nf5 Ne4+ 0-1

[Event "Titled Tuesday intern op 28th Dec"]
[Site "Chess.com INT"]
[Date "2021.12.28"]
[Round "10"]
[White "Todorovic, Bojan"]
[Black "Milanovic, Marko"]
[Result "0-1"]
[WhiteElo "2222"]
[BlackElo "2309"]
[PlyCount "52"]
[EventDate "2021.12.28"]
[EventType "swiss (blitz)"]
[EventRounds "11"]
[EventCountry "USA"]
[SourceTitle "CBM 206 Extra"]
[Source "ChessBase"]
[SourceDate "2022.03.31"]
[SourceVersion "1"]
[SourceVersionDate "2022.03.31"]
[SourceQuality "1"]

1. Nf3 d5 2. c4 dxc4 3. Na3 g6 4. Nxc4 Bg7 5. d4 Nc6 6. d5 Nb8 7. e4 Nf6 8. Bd3 Bg4 9. 0-0 0-0 10. h3 Bxf3 11. Qxf3 b5 12. Nd2 a6 13. Nb3 Nbd7 14. Be3 Ne5 15. Qe2 c6 16. Rfd1 Nxd3 17. Qxd3 cxd5 18. exd5 Rc8 19. Nc5 Qd6 20. b4 Nxd5 21. Rab1 Nc3 22. Qxc3 Bxc3 23. Rxd6 exd6 24. Nxa6 Rc6 25. Rc1 Rfc8 26. Nc5 Bxb4 0-1

[Event "Vojvodina-chT 21st"]
[Site "Backa Palanka"]
[Date "2021.10.28"]
[Round "9.5"]
[White "Milanovic, Marko"]
[Black "Kosanovic, Dragan"]
[Result "1/2-1/2"]
[WhiteElo "2321"]
[BlackElo "2277"]
[PlyCount "69"]
[EventDate "2021.10.23"]
[EventType "team-tourn"]
[EventRounds "11"]
[EventCountry "SRB"]
[SourceTitle "CBM 204 Extra"]
[Source "ChessBase"]
[SourceDate "2021.11.30"]
[SourceVersion "1"]
[SourceVersionDate "2021.11.30"]
[SourceQuality "1"]
[WhiteTeam "Krajisnik Krajina"]
[BlackTeam "Opovo Bata Cosic"]
[WhiteTeamCountry "SRB"]
[BlackTeamCountry "SRB"]

1. e4 e6 2. d4 d5 3. Nc3 dxe4 4. Nxe4 Bd7 5. Nf3 Bc6 6. Bd3 Nd7 7. 0-0 Bxe4 8. Bxe4 c6 9. c3 Ngf6 10. Bc2 Bd6 11. Qe2 Qc7 12. Re1 Bf4 13. Ne5 Bxc1 14. Raxc1 0-0 15. Qd3 Rfe8 16. Qh3 Nf8 17. g4 Nd5 18. g5 Nf4 19. Qg4 N4g6 20. h4 Rad8 21. h5 Nxe5 22. Rxe5 Rd5 23. Rce1 Red8 24. g6 Rxe5 25. Rxe5 Rd5 26. gxh7+ Kh8 27. h6 g6 28. f4 Rxe5 29. fxe5 Qe7 30. Qf4 Nxh7 31. Kf2 Kg8 32. Kf3 Nf8 33. Kg4 Nh7 34. Kg3 Qd8 35. Qh4 1/2-1/2

[Event "Vojvodina-chT 21st"]
[Site "Backa Palanka"]
[Date "2021.10.26"]
[Round "6.5"]
[White "Strangar, Zlatko"]
[Black "Milanovic, Marko"]
[Result "0-1"]
[WhiteElo "2217"]
[BlackElo "2321"]
[PlyCount "102"]
[EventDate "2021.10.23"]
[EventType "team-tourn"]
[EventRounds "11"]
[EventCountry "SRB"]
[SourceTitle "CBM 204 Extra"]
[Source "ChessBase"]
[SourceDate "2021.11.30"]
[SourceVersion "1"]
[SourceVersionDate "2021.11.30"]
[SourceQuality "1"]
[WhiteTeam "Sombor"]
[BlackTeam "Krajisnik Krajina"]
[WhiteTeamCountry "SRB"]
[BlackTeamCountry "SRB"]

1. e4 e5 2. Nf3 Nc6 3. Bb5 a6 4. Ba4 Nf6 5. 0-0 Be7 6. Re1 b5 7. Bb3 d6 8. c3 0-0 9. h3 Nb8 10. d4 Nbd7 11. Nbd2 Bb7 12. Bc2 Re8 13. Nf1 Bf8 14. Ng3 g6 15. Bg5 h6 16. Be3 exd4 17. Bxd4 c5 18. Bxf6 Qxf6 19. Nh2 h5 20. Re3 Ne5 21. Nf3 Nc4 22. Re2 Nxb2 23. Qe1 Nc4 24. Rd1 Bg7 25. Bb3 Nb6 26. Re3 c4 27. Bc2 Nd7 28. Nf1 Rad8 29. a4 Bh6 30. Re2 Ne5 31. Nxe5 dxe5 32. axb5 Rxd1 33. Qxd1 axb5 34. Qd7 Qc6 35. Qd1 Bg5 36. Ne3 Rd8 37. Nd5 Qc5 38. Qe1 Bxd5 39. exd5 Rxd5 40. Be4 Rd6 41. g3 h4 42. Kg2 hxg3 43. fxg3 f5 44. Bc2 Qd5+ 45. Kh2 e4 46. Qf2 Qd2 47. Rxd2 Rxd2 48. Kg2 Rxf2+ 49. Kxf2 Bd2 50. g4 Bxc3 51. gxf5 gxf5 0-1

[Event "Pancevo Gligoric Memorial"]
[Site "Pancevo"]
[Date "2021.06.20"]
[Round "5"]
[White "Milanovic, Marko"]
[Black "Isha, Sharma"]
[Result "1/2-1/2"]
[WhiteElo "2241"]
[BlackElo "2237"]
[PlyCount "120"]
[EventDate "2021.06.17"]
[EventType "tourn"]
[EventRounds "9"]
[EventCountry "SRB"]
[EventCategory "2"]
[SourceTitle "CBM 203 Extra"]
[Source "ChessBase"]
[SourceDate "2021.09.30"]
[SourceVersion "1"]
[SourceVersionDate "2021.09.30"]
[SourceQuality "1"]

1. e4 e5 2. Nf3 Nc6 3. Bc4 Bc5 4. c3 Nf6 5. d3 0-0 6. 0-0 d6 7. Nbd2 a5 8. a4 Ba7 9. h3 h6 10. Re1 Ne7 11. d4 Ng6 12. Nf1 Re8 13. Qb3 Re7 14. Ng3 c6 15. Nf5 Bxf5 16. exf5 Nh8 17. dxe5 dxe5 18. Rxe5 Qd7 19. Bf4 Rxe5 20. Nxe5 Qxf5 21. Bxf7+ Kh7 22. g3 Ne4 23. Be6 Qf6 24. Qc2 Qxe6 25. Qxe4+ Kg8 26. Qc4 Re8 27. Kf1 g5 28. Bd2 Nf7 29. Qxe6 Rxe6 30. Nxf7 Kxf7 31. Re1 Rd6 32. Ke2 Kg6 33. Be3 Bxe3 34. Kxe3 Re6+ 35. Kd2 Rd6+ 36. Kc2 Kf5 37. Re7 b6 38. b4 axb4 39. cxb4 Rd4 40. Kc3 c5 41. bxc5 bxc5 42. Kb3 Rb4+ 43. Ka3 Rb1 44. Rc7 Rc1 45. Kb2 Rc4 46. Kb3 Rc1 47. a5 Ke5 48. a6 Kd6 49. Rh7 Ra1 50. Rxh6+ Kd5 51. Kc3 Ra3+ 52. Kb2 Ra5 53. Kb3 Ra1 54. Rg6 Kd4 55. Rd6+ Ke5 56. Rg6 Kd4 57. Kb2 Ra5 58. Rd6+ Ke5 59. Rd2 Rxa6 60. Kc3 Rh6 1/2-1/2